000
00218 a2200097 4500
001
2537
100
_a
Mason, R A
245
_a
War in the third dimension
260
_a
_b
Brassey's Defence Pubs.
_c
090
_c
1834
_d
1834
942
_a
NUST-CAE
_c
M
_c
9269
999
_c
237610
_d
237610